[Event "Elite Hotels Open 2025"]
[Site "Elite Stadshotellet, Växjö, Sweden"]
[Date "2025.02.08"]
[Round "6.7"]
[White "Perets, Dmytro"]
[Black "Gajic, Mladen"]
[Result "1-0"]
[TimeControl "R1-4: 15 min + 5 sek, R5-8: 90 min + 30 sek"]
[BlackTitle "FM"]
[WhiteElo "2059"]
[BlackElo "2251"]

1. Nf3 {[%clk 01:30:56]} {[%emt 00:00:03]} e6 {[%clk 01:30:46]} {[%emt
00:00:15]} 2. g3 {[%clk 01:31:22]} {[%emt 00:00:05]} f5 {[%clk 01:31:12]}
{[%emt 00:00:04]} 3. Bg2 {[%clk 01:31:45]} {[%emt 00:00:06]} Nf6 {[%clk
01:31:40]} {[%emt 00:00:03]} 4. c4 {[%clk 01:32:00]} {[%emt 00:00:15]} Be7
{[%clk 01:32:02]} {[%emt 00:00:07]} 5. O-O {[%clk 01:32:20]} {[%emt 00:00:10]}
O-O {[%clk 01:32:31]} {[%emt 00:00:02]} 6. d4 {[%clk 01:32:34]} {[%emt
00:00:15]} d6 {[%clk 01:32:44]} {[%emt 00:00:17]} 7. b3 {[%clk 01:32:43]}
{[%emt 00:00:21]} a5 {[%clk 01:32:40]} {[%emt 00:00:34]} 8. Nc3 {[%clk
01:32:48]} {[%emt 00:00:26]} Ne4 {[%clk 01:31:59]} {[%emt 00:01:10]} 9. Bb2
{[%clk 01:32:39]} {[%emt 00:00:40]} Nd7 {[%clk 01:23:02]} {[%emt 00:09:26]} 10.
Nd2 {[%clk 01:31:25]} {[%emt 00:01:45]} Nxc3 {[%clk 01:12:53]} {[%emt
00:10:38]} 11. Bxc3 {[%clk 01:31:54]} {[%emt 00:00:01]} Qe8 {[%clk 00:59:43]}
{[%emt 00:13:40]} 12. f4 {[%clk 01:27:11]} {[%emt 00:05:14]} e5 {[%clk
00:53:48]} {[%emt 00:06:25]} 13. e4 {[%clk 01:22:18]} {[%emt 00:05:22]} fxe4
{[%clk 00:44:41]} {[%emt 00:09:38]} 14. fxe5 {[%clk 01:21:18]} {[%emt
00:01:30]} Rxf1+ {[%clk 00:37:27]} {[%emt 00:07:43]} 15. Qxf1 {[%clk 01:21:43]}
{[%emt 00:00:05]} dxe5 {[%clk 00:29:32]} {[%emt 00:08:25]} 16. Nxe4 {[%clk
01:21:29]} {[%emt 00:00:44]} Bb4 {[%clk 00:27:37]} {[%emt 00:02:26]} 17. Re1
{[%clk 01:20:39]} {[%emt 00:01:20]} Qe7 {[%clk 00:16:00]} {[%emt 00:12:06]} 18.
Kh1 {[%clk 01:16:07]} {[%emt 00:05:02]} c6 {[%clk 00:12:28]} {[%emt 00:04:02]}
19. d5 {[%clk 01:11:51]} {[%emt 00:04:46]} cxd5 {[%clk 00:12:16]} {[%emt
00:00:42]} 20. cxd5 {[%clk 01:11:08]} {[%emt 00:01:14]} Bxc3 {[%clk 00:05:32]}
{[%emt 00:07:14]} 21. Nxc3 {[%clk 01:11:32]} {[%emt 00:00:05]} Nf6 {[%clk
00:04:37]} {[%emt 00:01:26]} 22. Qc4 {[%clk 01:10:00]} {[%emt 00:02:02]} Bd7
{[%clk 00:03:58]} {[%emt 00:01:08]} 23. d6+ {[%clk 01:05:26]} {[%emt 00:05:04]}
Qf7 {[%clk 00:04:27]} {[%emt 00:00:01]} 24. Rxe5 {[%clk 01:02:50]} {[%emt
00:03:07]} Rc8 {[%clk 00:03:34]} {[%emt 00:01:22]} 25. Qd4 {[%clk 01:01:41]}
{[%emt 00:01:39]} b5 {[%clk 00:03:02]} {[%emt 00:01:02]} 26. h3 {[%clk
00:55:55]} {[%emt 00:06:16]} b4 {[%clk 00:00:59]} {[%emt 00:02:34]} 27. Nd5
{[%clk 00:53:00]} {[%emt 00:03:24]} Rc1+ {[%clk 00:01:09]} {[%emt 00:00:20]} 28.
Kh2 {[%clk 00:53:22]} {[%emt 00:00:08]} Nxd5 {[%clk 00:01:00]} {[%emt
00:00:40]} 29. Qd2 {[%clk 00:35:30]} {[%emt 00:18:22]} Qf6 {[%clk 00:00:33]}
{[%emt 00:00:56]} 30. Qxd5+ {[%clk 00:34:15]} {[%emt 00:01:45]} Kf8 {[%clk
00:00:35]} {[%emt 00:00:29]} 31. Re7 {[%clk 00:25:01]} {[%emt 00:09:44]} Qf2
{[%clk 00:00:50]} {[%emt 00:00:13]} 32. Qa8+ {[%clk 00:20:27]} {[%emt
00:05:05]} Bc8 {[%clk 00:01:11]} {[%emt 00:00:10]} 33. Qa7 {[%clk 00:18:54]}
{[%emt 00:02:03]} Qxa7 {[%clk 00:00:41]} {[%emt 00:01:00]} 34. Rxa7 {[%clk
00:19:21]} {[%emt 00:00:03]} Be6 {[%clk 00:00:38]} {[%emt 00:00:32]} 35. Rxa5
{[%clk 00:14:08]} {[%emt 00:05:43]} Rc2 {[%clk 00:01:00]} {[%emt 00:00:08]} 36.
g4 {[%clk 00:06:53]} {[%emt 00:07:46]} Rd2 {[%clk 00:01:12]} {[%emt 00:00:18]}
37. Kg3 {[%clk 00:06:35]} {[%emt 00:00:48]} Rxd6 {[%clk 00:01:32]} {[%emt
00:00:10]} 38. Be4 {[%clk 00:07:01]} {[%emt 00:00:04]} h6 {[%clk 00:01:44]}
{[%emt 00:00:17]} 39. Kf4 {[%clk 00:07:27]} {[%emt 00:00:05]} Rd1 {[%clk
00:00:41]} {[%emt 00:01:32]} 40. Ke5 {[%clk 00:07:32]} {[%emt 00:00:25]} Bf7
{[%clk 00:00:58]} {[%emt 00:00:11]} 41. Ra8+ {[%clk 00:07:48]} {[%emt
00:00:16]} Ke7 {[%clk 00:01:27]} 42. Ra7+ {[%clk 00:08:10]} {[%emt 00:00:09]}
Kf8 {[%clk 00:01:49]} {[%emt 00:00:03]} 43. Rb7 {[%clk 00:07:45]} {[%emt
00:00:59]} Rd2 {[%clk 00:02:11]} {[%emt 00:00:08]} 44. Rxb4 {[%clk 00:08:00]}
{[%emt 00:00:14]} Rxa2 {[%clk 00:02:40]} {[%emt 00:00:02]} 45. Rb8+ {[%clk
00:08:23]} {[%emt 00:00:08]} Ke7 {[%clk 00:03:06]} {[%emt 00:00:03]} 46. Rb7+
{[%clk 00:08:48]} {[%emt 00:00:05]} Kf8 {[%clk 00:03:32]} {[%emt 00:00:02]} 47.
b4 {[%clk 00:08:54]} {[%emt 00:00:27]} Re2 {[%clk 00:03:16]} {[%emt 00:00:44]}
48. Kd4 {[%clk 00:08:33]} {[%emt 00:00:52]} Rd2+ {[%clk 00:02:21]} {[%emt
00:01:25]} 49. Kc5 {[%clk 00:08:28]} {[%emt 00:00:35]} Re2 {[%clk 00:02:22]}
{[%emt 00:00:29]} 50. Bc6 {[%clk 00:08:36]} {[%emt 00:00:22]} Rc2+ {[%clk
00:00:48]} {[%emt 00:02:05]} 51. Kb6 {[%clk 00:08:02]} {[%emt 00:01:03]} Rc3
{[%clk 00:00:56]} {[%emt 00:00:22]} 52. b5 {[%clk 00:07:33]} {[%emt 00:00:59]}
Rxh3 {[%clk 00:01:25]} {[%emt 00:00:02]} 53. Rd7 {[%clk 00:07:44]} {[%emt
00:00:19]} Be6 {[%clk 00:01:03]} {[%emt 00:00:52]} 54. Rd4 {[%clk 00:07:29]}
{[%emt 00:00:44]} Ke7 {[%clk 00:00:37]} {[%emt 00:00:56]} 55. Kc7 {[%clk
00:07:26]} {[%emt 00:00:34]} Rb3 {[%clk 00:00:33]} {[%emt 00:00:34]} 56. b6
{[%clk 00:07:42]} {[%emt 00:00:14]} Kf6 {[%clk 00:00:57]} {[%emt 00:00:05]} 57.
Rd6 {[%clk 00:07:35]} {[%emt 00:00:38]} Ke5 {[%clk 00:01:16]} {[%emt 00:00:11]}
58. b7 {[%clk 00:07:08]} {[%emt 00:00:56]} g5 {[%clk 00:01:13]} {[%emt
00:00:33]} 59. Bb5 {[%clk 00:05:46]} {[%emt 00:01:52]} Rxb5 {[%clk 00:01:21]}
{[%emt 00:00:22]} 60. Rb6 {[%clk 00:05:59]} {[%emt 00:00:17]} Rc5+ {[%clk
00:00:49]} {[%emt 00:01:02]} 61. Kd8 {[%clk 00:06:24]} {[%emt 00:00:05]} Rd5+
{[%clk 00:00:33]} {[%emt 00:00:46]} 62. Ke8 {[%clk 00:06:41]} {[%emt 00:00:13]}
1-0

[Event "Elite Hotels Open 2025"]
[Site "Elite Stadshotellet, Växjö, Sweden"]
[Date "2025.02.08"]
[Round "6.8"]
[White "Ljung, Harald"]
[Black "Alexandersson, Niklas"]
[Result "1-0"]
[TimeControl "R1-4: 15 min + 5 sek, R5-8: 90 min + 30 sek"]
[WhiteElo "2169"]
[BlackElo "2024"]

1. d4 {[%clk 01:30:57]} {[%emt 00:00:03]} d6 {[%clk 01:30:35]} {[%emt
00:00:25]} 2. Nf3 {[%clk 01:31:18]} {[%emt 00:00:09]} Nd7 {[%clk 01:30:40]}
{[%emt 00:00:25]} 3. g3 {[%clk 01:30:28]} {[%emt 00:01:21]} e6 {[%clk
01:29:49]} {[%emt 00:01:21]} 4. Bg2 {[%clk 01:30:49]} {[%emt 00:00:09]} Ne7
{[%clk 01:30:06]} {[%emt 00:00:12]} 5. O-O {[%clk 01:31:04]} {[%emt 00:00:16]}
h6 {[%clk 01:29:59]} {[%emt 00:00:37]} 6. c4 {[%clk 01:31:24]} {[%emt
00:00:10]} g5 {[%clk 01:25:15]} {[%emt 00:05:13]} 7. Nc3 {[%clk 01:30:09]}
{[%emt 00:01:45]} Ng6 {[%clk 01:25:16]} {[%emt 00:00:30]} 8. b3 {[%clk
01:27:35]} {[%emt 00:03:04]} g4 {[%clk 01:25:13]} {[%emt 00:00:33]} 9. Ne1
{[%clk 01:27:54]} {[%emt 00:00:10]} h5 {[%clk 01:25:24]} {[%emt 00:00:19]} 10.
e4 {[%clk 01:27:55]} {[%emt 00:00:30]} Bg7 {[%clk 01:24:21]} {[%emt 00:01:33]}
11. f4 {[%clk 01:18:50]} {[%emt 00:09:36]} c5 {[%clk 01:18:34]} {[%emt
00:06:16]} 12. Nb5 {[%clk 01:14:45]} {[%emt 00:04:35]} Bxd4+ {[%clk 01:12:32]}
{[%emt 00:06:32]} 13. Nxd4 {[%clk 01:15:09]} {[%emt 00:00:06]} cxd4 {[%clk
01:12:49]} {[%emt 00:00:13]} 14. Qxd4 {[%clk 01:14:34]} {[%emt 00:01:05]} Qb6
{[%clk 01:13:12]} {[%emt 00:00:07]} 15. Qxb6 {[%clk 01:14:35]} {[%emt
00:00:30]} Nxb6 {[%clk 01:13:25]} {[%emt 00:00:15]} 16. Ba3 {[%clk 01:14:24]}
{[%emt 00:00:42]} Bd7 {[%clk 01:09:29]} {[%emt 00:04:25]} 17. Bxd6 {[%clk
01:13:14]} {[%emt 00:01:40]} O-O-O {[%clk 01:09:39]} {[%emt 00:00:20]} 18. c5
{[%clk 01:13:07]} {[%emt 00:00:38]} Na8 {[%clk 01:07:46]} {[%emt 00:02:21]} 19.
Nd3 {[%clk 01:09:43]} {[%emt 00:03:55]} f5 {[%clk 01:05:18]} {[%emt 00:03:00]}
20. Nb4 {[%clk 00:57:59]} {[%emt 00:12:13]} Nc7 {[%clk 01:05:01]} {[%emt
00:00:46]} 21. a4 {[%clk 00:58:09]} {[%emt 00:00:22]} h4 {[%clk 01:03:08]}
{[%emt 00:02:22]} 22. Rac1 {[%clk 00:55:46]} {[%emt 00:02:51]} a5 {[%clk
01:03:23]} {[%emt 00:00:17]} 23. c6 {[%clk 00:44:11]} {[%emt 00:12:06]} Bxc6
{[%clk 01:02:14]} {[%emt 00:01:38]} 24. Bxc7 {[%clk 00:44:32]} {[%emt
00:00:10]} Kxc7 {[%clk 00:58:23]} {[%emt 00:04:20]} 25. Nxc6 {[%clk 00:44:59]}
{[%emt 00:00:03]} bxc6 {[%clk 00:58:41]} {[%emt 00:00:13]} 26. exf5 {[%clk
00:45:08]} {[%emt 00:00:21]} Ne7 {[%clk 00:58:53]} {[%emt 00:00:18]} 27. fxe6
{[%clk 00:45:00]} {[%emt 00:00:37]} hxg3 {[%clk 00:57:34]} {[%emt 00:01:49]} 28.
hxg3 {[%clk 00:45:24]} {[%emt 00:00:06]} Rd3 {[%clk 00:55:16]} {[%emt
00:02:41]} 29. Rcd1 {[%clk 00:44:20]} {[%emt 00:01:40]} Rhd8 {[%clk 00:54:57]}
{[%emt 00:00:49]} 30. Rxd3 {[%clk 00:43:49]} {[%emt 00:01:02]} Rxd3 {[%clk
00:55:22]} {[%emt 00:00:06]} 31. f5 {[%clk 00:44:08]} {[%emt 00:00:10]} Kd6
{[%clk 00:53:23]} {[%emt 00:02:29]} 32. f6 {[%clk 00:40:10]} {[%emt 00:04:28]}
Kxe6 {[%clk 00:52:27]} {[%emt 00:01:26]} 33. f7 {[%clk 00:37:04]} {[%emt
00:03:37]} Ng6 {[%clk 00:52:38]} {[%emt 00:00:18]} 34. Be4 {[%clk 00:37:22]}
{[%emt 00:00:12]} Rxg3+ {[%clk 00:51:21]} {[%emt 00:01:47]} 35. Kf2 {[%clk
00:37:45]} {[%emt 00:00:06]} Rf3+ {[%clk 00:51:00]} {[%emt 00:00:50]} 36. Bxf3
{[%clk 00:38:07]} {[%emt 00:00:10]} gxf3 {[%clk 00:51:27]} {[%emt 00:00:03]} 37.
Rc1 {[%clk 00:37:33]} {[%emt 00:01:05]} Kxf7 {[%clk 00:49:17]} {[%emt
00:02:40]} 38. Rxc6 {[%clk 00:37:54]} {[%emt 00:00:09]} Ne5 {[%clk 00:49:15]}
{[%emt 00:00:31]} 39. Ra6 {[%clk 00:37:53]} {[%emt 00:00:30]} Ke7 {[%clk
00:49:06]} {[%emt 00:00:40]} 40. Rxa5 {[%clk 00:38:10]} {[%emt 00:00:13]} Kd6
{[%clk 00:49:23]} {[%emt 00:00:11]} 41. Rxe5 {[%clk 00:38:23]} {[%emt
00:00:19]} Kxe5 {[%clk 00:49:06]} {[%emt 00:00:48]} 42. Kxf3 {[%clk 00:38:49]}
{[%emt 00:00:03]} Kd5 {[%clk 00:48:46]} {[%emt 00:00:51]} 43. Ke3 {[%clk
00:39:13]} {[%emt 00:00:06]} Kc5 {[%clk 00:48:09]} {[%emt 00:01:07]} 44. Kd3
{[%clk 00:39:35]} {[%emt 00:00:07]} Kc6 {[%clk 00:48:12]} {[%emt 00:00:27]} 45.
Kc4 {[%clk 00:40:01]} {[%emt 00:00:05]} Kb6 {[%clk 00:48:05]} {[%emt 00:00:36]}
46. b4 {[%clk 00:40:27]} {[%emt 00:00:05]} Kc6 {[%clk 00:48:23]} {[%emt
00:00:12]} 47. a5 {[%clk 00:40:52]} {[%emt 00:00:05]} Kb7 {[%clk 00:48:36]}
{[%emt 00:00:17]} 48. b5 {[%clk 00:41:18]} {[%emt 00:00:04]} Kc7 {[%clk
00:48:58]} {[%emt 00:00:08]} 49. Kc5 {[%clk 00:41:23]} {[%emt 00:00:24]} Kb7
{[%clk 00:49:23]} {[%emt 00:00:06]} 50. a6+ {[%clk 00:41:45]} {[%emt 00:00:09]}
Kc7 {[%clk 00:49:23]} {[%emt 00:00:29]} 51. b6+ {[%clk 00:42:11]} {[%emt
00:00:05]} Kb8 {[%clk 00:49:46]} {[%emt 00:00:06]} 52. Kc6 {[%clk 00:42:37]}
{[%emt 00:00:04]} Ka8 {[%clk 00:50:06]} {[%emt 00:00:09]} 53. b7+ {[%clk
00:43:01]} {[%emt 00:00:06]} Ka7 {[%clk 00:50:30]} {[%emt 00:00:07]} 54. Kc7
{[%clk 00:43:23]} {[%emt 00:00:07]} Kxa6 {[%clk 00:50:52]} {[%emt 00:00:08]} 55.
b8=Q {[%clk 00:43:46]} {[%emt 00:00:07]} 1-0

[Event "Elite Hotels Open 2025"]
[Site "Elite Stadshotellet, Växjö, Sweden"]
[Date "2025.02.08"]
[Round "6.9"]
[White "Karlsson, Stefan 2005"]
[Black "Muntean, Victor"]
[Result "1-0"]
[TimeControl "R1-4: 15 min + 5 sek, R5-8: 90 min + 30 sek"]
[WhiteElo "2050"]
[BlackElo "2165"]

1. e4 {[%clk 01:25:16]} {[%emt 00:05:44]} e5 {[%clk 01:30:50]} {[%emt
00:00:11]} 2. Nf3 {[%clk 01:25:31]} {[%emt 00:00:14]} Nc6 {[%clk 01:30:14]}
{[%emt 00:01:07]} 3. Bb5 {[%clk 01:25:54]} {[%emt 00:00:06]} a6 {[%clk
01:30:19]} {[%emt 00:00:26]} 4. Ba4 {[%clk 01:26:17]} {[%emt 00:00:07]} f5
{[%clk 01:30:44]} {[%emt 00:00:04]} 5. d4 {[%clk 01:26:36]} {[%emt 00:00:11]}
exd4 {[%clk 01:31:10]} {[%emt 00:00:05]} 6. e5 {[%clk 01:26:59]} {[%emt
00:00:07]} b5 {[%clk 01:31:36]} {[%emt 00:00:04]} 7. Bb3 {[%clk 01:27:24]}
{[%emt 00:00:04]} Na5 {[%clk 01:32:00]} {[%emt 00:00:07]} 8. Qxd4 {[%clk
01:27:07]} {[%emt 00:00:47]} Bb7 {[%clk 01:32:21]} {[%emt 00:00:09]} 9. Bd5
{[%clk 01:27:29]} {[%emt 00:00:07]} c6 {[%clk 01:32:46]} {[%emt 00:00:05]} 10.
Bxg8 {[%clk 01:27:53]} {[%emt 00:00:06]} Rxg8 {[%clk 01:33:14]} {[%emt
00:00:03]} 11. Nc3 {[%clk 01:26:54]} {[%emt 00:01:28]} g6 {[%clk 01:30:39]}
{[%emt 00:03:05]} 12. Bg5 {[%clk 01:22:43]} {[%emt 00:04:41]} Be7 {[%clk
01:29:58]} {[%emt 00:01:12]} 13. h4 {[%clk 01:18:19]} {[%emt 00:04:53]} Nc4
{[%clk 01:18:49]} {[%emt 00:11:39]} 14. O-O-O {[%clk 01:14:59]} {[%emt
00:03:50]} Bxg5+ {[%clk 01:11:13]} {[%emt 00:08:05]} 15. hxg5 {[%clk 01:14:59]}
{[%emt 00:00:30]} Qe7 {[%clk 01:11:22]} {[%emt 00:00:22]} 16. Na4 {[%clk
01:09:59]} {[%emt 00:05:30]} O-O-O {[%clk 01:06:45]} {[%emt 00:05:06]} 17. Rhe1
{[%clk 01:03:48]} {[%emt 00:06:40]} d5 {[%clk 00:55:59]} {[%emt 00:11:19]} 18.
exd6 {[%clk 01:03:39]} {[%emt 00:00:39]} Qxd6 {[%clk 00:53:22]} {[%emt
00:03:06]} 19. Nb6+ {[%clk 00:57:47]} {[%emt 00:06:22]} Nxb6 {[%clk 00:45:33]}
{[%emt 00:08:20]} 20. Qxd6 {[%clk 00:56:46]} {[%emt 00:01:30]} Rxd6 {[%clk
00:46:01]} {[%emt 00:00:02]} 21. Rxd6 {[%clk 00:56:53]} {[%emt 00:00:23]} Kc7
{[%clk 00:44:31]} {[%emt 00:02:00]} 22. Rf6 {[%clk 00:56:03]} {[%emt 00:01:19]}
Rg7 {[%clk 00:39:35]} {[%emt 00:05:28]} 23. Nd4 {[%clk 00:52:30]} {[%emt
00:04:02]} Kd7 {[%clk 00:39:35]} {[%emt 00:00:30]} 24. Ne6 {[%clk 00:51:43]}
{[%emt 00:01:16]} 1-0

[Event "Elite Hotels Open 2025"]
[Site "Elite Stadshotellet, Växjö, Sweden"]
[Date "2025.02.08"]
[Round "6.10"]
[White "Tabaa, Ghayth"]
[Black "Valcu, Lavinia"]
[Result "0-1"]
[TimeControl "R1-4: 15 min + 5 sek, R5-8: 90 min + 30 sek"]
[WhiteElo "2031"]
[BlackElo "2137"]

1. d4 {[%clk 01:30:47]} {[%emt 00:00:13]} Nf6 {[%clk 01:30:50]} {[%emt
00:00:09]} 2. Nf3 {[%clk 01:30:27]} {[%emt 00:00:50]} c5 {[%clk 01:30:44]}
{[%emt 00:00:37]} 3. d5 {[%clk 01:30:21]} {[%emt 00:00:36]} b5 {[%clk
01:31:02]} {[%emt 00:00:12]} 4. a4 {[%clk 01:27:18]} {[%emt 00:03:34]} b4
{[%clk 01:30:52]} {[%emt 00:00:40]} 5. c4 {[%clk 01:21:53]} {[%emt 00:05:55]}
e6 {[%clk 01:29:49]} {[%emt 00:01:32]} 6. Bg5 {[%clk 01:11:50]} {[%emt
00:10:33]} h6 {[%clk 01:29:12]} {[%emt 00:01:07]} 7. Bh4 {[%clk 01:11:24]}
{[%emt 00:00:56]} Bb7 {[%clk 01:21:12]} {[%emt 00:08:31]} 8. dxe6 {[%clk
01:08:03]} {[%emt 00:03:51]} fxe6 {[%clk 01:10:37]} {[%emt 00:11:05]} 9. Qc2
{[%clk 01:05:34]} {[%emt 00:02:58]} Be4 {[%clk 01:09:23]} {[%emt 00:01:44]} 10.
Qxe4 {[%clk 01:05:48]} {[%emt 00:00:16]} Nxe4 {[%clk 01:09:48]} {[%emt
00:00:06]} 11. Bxd8 {[%clk 01:06:10]} {[%emt 00:00:07]} Kxd8 {[%clk 01:10:11]}
{[%emt 00:00:07]} 12. Ne5 {[%clk 01:01:34]} {[%emt 00:05:06]} Rg8 {[%clk
01:09:20]} {[%emt 00:01:21]} 13. g3 {[%clk 00:59:05]} {[%emt 00:02:59]} d5
{[%clk 01:06:12]} {[%emt 00:03:39]} 14. Bh3 {[%clk 00:49:56]} {[%emt 00:09:38]}
Ke7 {[%clk 01:03:13]} {[%emt 00:03:30]} 15. Ng6+ {[%clk 00:47:08]} {[%emt
00:03:17]} Kf6 {[%clk 00:57:31]} {[%emt 00:06:01]} 16. Nf4 {[%clk 00:45:47]}
{[%emt 00:02:02]} Ng5 {[%clk 00:57:44]} {[%emt 00:00:17]} 17. Bg2 {[%clk
00:46:05]} {[%emt 00:00:12]} Nc6 {[%clk 00:55:59]} {[%emt 00:02:16]} 18. e3
{[%clk 00:26:02]} {[%emt 00:20:33]} Bd6 {[%clk 00:53:17]} {[%emt 00:03:11]} 19.
cxd5 {[%clk 00:23:38]} {[%emt 00:02:54]} Na5 {[%clk 00:53:37]} {[%emt
00:00:10]} 20. Nd2 {[%clk 00:23:01]} {[%emt 00:01:07]} e5 {[%clk 00:52:47]}
{[%emt 00:01:20]} 21. Ne6 {[%clk 00:19:05]} {[%emt 00:04:26]} c4 {[%clk
00:49:19]} {[%emt 00:03:58]} 22. O-O {[%clk 00:11:22]} {[%emt 00:08:14]} Rac8
{[%clk 00:48:04]} {[%emt 00:01:45]} 23. Nxg5 {[%clk 00:11:19]} {[%emt
00:00:33]} hxg5 {[%clk 00:48:29]} {[%emt 00:00:05]} 24. Bh3 {[%clk 00:09:27]}
{[%emt 00:02:21]} Rc7 {[%clk 00:48:42]} {[%emt 00:00:17]} 25. Rac1 {[%clk
00:07:40]} {[%emt 00:02:18]} Ke7 {[%clk 00:49:02]} {[%emt 00:00:09]} 26. Rc2
{[%clk 00:06:34]} {[%emt 00:01:35]} Rh8 {[%clk 00:48:51]} {[%emt 00:00:43]} 27.
Bg4 {[%clk 00:06:25]} {[%emt 00:00:38]} Rb8 {[%clk 00:47:03]} {[%emt 00:02:18]}
28. Rfc1 {[%clk 00:05:39]} {[%emt 00:01:16]} b3 {[%clk 00:47:20]} {[%emt
00:00:13]} 29. Rc3 {[%clk 00:05:50]} {[%emt 00:00:19]} Bb4 {[%clk 00:44:45]}
{[%emt 00:03:06]} 30. Nxc4 {[%clk 00:05:52]} {[%emt 00:00:28]} Kf6 {[%clk
00:42:11]} {[%emt 00:03:04]} 31. d6 {[%clk 00:02:29]} {[%emt 00:03:53]} Rc5
{[%clk 00:42:33]} {[%emt 00:00:08]} 32. Nd2 {[%clk 00:01:07]} {[%emt 00:01:51]}
Bxc3 {[%clk 00:42:58]} {[%emt 00:00:05]} 33. Ne4+ {[%clk 00:01:17]} {[%emt
00:00:20]} Kg6 {[%clk 00:43:24]} {[%emt 00:00:05]} 34. Nxc5 {[%clk 00:01:01]}
{[%emt 00:00:46]} Bxb2 {[%clk 00:43:50]} {[%emt 00:00:04]} 35. Rd1 {[%clk
00:00:38]} {[%emt 00:00:52]} Ba3 {[%clk 00:43:42]} {[%emt 00:00:38]} 36. Nd7
{[%clk 00:00:47]} {[%emt 00:00:21]} Re8 {[%clk 00:43:23]} {[%emt 00:00:49]} 37.
Bf3 {[%clk 00:00:34]} {[%emt 00:00:44]} e4 {[%clk 00:43:16]} {[%emt 00:00:37]}
38. Be2 {[%clk 00:00:35]} {[%emt 00:00:28]} b2 {[%clk 00:43:08]} {[%emt
00:00:38]} 39. f4 {[%clk 00:00:35]} {[%emt 00:00:30]} Nb3 {[%clk 00:42:27]}
{[%emt 00:01:11]} 40. Rb1 {[%clk 00:00:37]} {[%emt 00:00:29]} Nd2 {[%clk
00:41:04]} {[%emt 00:01:52]} 41. Ne5+ {[%clk 00:00:43]} {[%emt 00:00:24]} Rxe5
{[%clk 00:41:06]} {[%emt 00:00:29]} 42. Rxb2 {[%clk 00:00:42]} {[%emt
00:00:30]} Bxb2 {[%clk 00:41:23]} {[%emt 00:00:13]} 43. fxe5 {[%clk 00:00:50]}
{[%emt 00:00:23]} Bxe5 {[%clk 00:41:42]} {[%emt 00:00:10]} 44. d7 {[%clk
00:01:05]} {[%emt 00:00:15]} Bc7 {[%clk 00:41:54]} {[%emt 00:00:18]} 45. Bb5
{[%clk 00:01:03]} {[%emt 00:00:33]} Nf3+ {[%clk 00:40:58]} {[%emt 00:01:26]} 46.
Kg2 {[%clk 00:00:56]} {[%emt 00:00:36]} Ne5 {[%clk 00:41:16]} {[%emt 00:00:12]}
47. h3 {[%clk 00:00:45]} {[%emt 00:00:41]} Kf6 {[%clk 00:41:33]} {[%emt
00:00:14]} 48. h4 {[%clk 00:01:00]} {[%emt 00:00:15]} gxh4 {[%clk 00:41:38]}
{[%emt 00:00:25]} 49. gxh4 {[%clk 00:01:29]} Ng4 {[%clk 00:41:24]} {[%emt
00:00:42]} 50. Bc6 {[%clk 00:01:30]} {[%emt 00:00:31]} Ke5 {[%clk 00:41:37]}
{[%emt 00:00:17]} 51. Kh3 {[%clk 00:01:27]} {[%emt 00:00:32]} Nxe3 {[%clk
00:41:53]} {[%emt 00:00:14]} 52. h5 {[%clk 00:01:52]} {[%emt 00:00:05]} Nf5
{[%clk 00:41:54]} {[%emt 00:00:29]} 53. Kg4 {[%clk 00:02:17]} {[%emt 00:00:06]}
Nd4 {[%clk 00:41:51]} {[%emt 00:00:32]} 54. Bb7 {[%clk 00:02:16]} {[%emt
00:00:30]} e3 {[%clk 00:41:59]} {[%emt 00:00:22]} 55. Ba6 {[%clk 00:02:45]}
{[%emt 00:00:02]} e2 {[%clk 00:42:12]} {[%emt 00:00:18]} 56. Bxe2 {[%clk
00:03:11]} {[%emt 00:00:03]} Nxe2 {[%clk 00:42:37]} {[%emt 00:00:05]} 57. Kg5
{[%clk 00:03:31]} {[%emt 00:00:11]} Nf4 {[%clk 00:43:01]} {[%emt 00:00:05]} 58.
h6 {[%clk 00:03:33]} {[%emt 00:00:28]} gxh6 {[%clk 00:43:26]} {[%emt 00:00:05]}
59. Kxh6 {[%clk 00:03:40]} {[%emt 00:00:23]} Kd6 {[%clk 00:43:12]} {[%emt
00:00:43]} 0-1